The potential for joint ventures in Eastern Europe (Record no. 7093)
[ view plain ]
| 000 -LEADER | |
|---|---|
| fixed length control field | 00551nam a22002057i 4500 |
| 001 - CONTROL NUMBER | |
| control field | 8480 |
| 003 - CONTROL NUMBER IDENTIFIER | |
| control field | OSt |
| 005 - DATE AND TIME OF LATEST TRANSACTION | |
| control field | 20170126082411.0 |
| 007 - PHYSICAL DESCRIPTION FIXED FIELD--GENERAL INFORMATION | |
| fixed length control field | tu |
| 008 - FIXED-LENGTH DATA ELEMENTS--GENERAL INFORMATION | |
| fixed length control field | 161220s1972 xxu||||| |||| 00| 0 d |
| 024 7# - OTHER STANDARD IDENTIFIER | |
| Standard number or code | 8480 |
| Source of number or code | RID |
| 040 ## - CATALOGING SOURCE | |
| Transcribing agency | OSt |
| 100 1# - MAIN ENTRY--PERSONAL NAME | |
| Personal name | Kretschmar, Robert S. |
| 245 00 - TITLE STATEMENT | |
| Title | The potential for joint ventures in Eastern Europe |
| 260 ## - PUBLICATION, DISTRIBUTION, ETC. | |
| Place of publication, distribution, etc. | New York etc. : |
| Name of publisher, distributor, etc. | Praeger Publ., |
| Date of publication, distribution, etc. | 1972. |
| 300 ## - PHYSICAL DESCRIPTION | |
| Extent | XXVI, 153 S. |
| 490 ## - SERIES STATEMENT | |
| Series statement | Praeger Special Studies in International Economics and Development |
| 651 ## - SUBJECT ADDED ENTRY--GEOGRAPHIC NAME | |
| Geographic name | Eastern Europe |
| 700 1# - ADDED ENTRY--PERSONAL NAME | |
| Personal name | Foor, Robin |
| 942 ## - ADDED ENTRY ELEMENTS (KOHA) | |
| Koha item type | Book |
No items available.
